[Event "Niederbayernliga 0405"]
[Site "Germany"]
[Date "2004.??.??"]
[Round "2"]
[White "Oberberger, Hans"]
[Black "Ederer, Elmar"]
[Result "1/2-1/2"]
[WhiteElo "1620"]
[BlackElo "1405"]
[PlyCount "50"]
[EventDate "2004.??.??"]
[EventType "team"]
[EventRounds "9"]
[EventCountry "GER"]
[SourceTitle "EXT 2008"]
[Source "ChessBase"]
[SourceDate "2007.11.25"]
[SourceVersion "1"]
[SourceVersionDate "2007.11.25"]
[SourceQuality "1"]
[WhiteTeam "Deggendorf II"]
[BlackTeam "Haselbach"]
[WhiteTeamCountry "GER"]
[BlackTeamCountry "GER"]

1. d4 Nf6 2. Nf3 g6 3. c4 Bg7 4. Nc3 0-0 5. Bg5 d6 6. Qd2 Bf5 7. e3 Nbd7 8. Bd3 Bxd3 9. Qxd3 Qc8 10. 0-0 Re8 11. Rac1 e5 12. dxe5 Nxe5 13. Nxe5 Rxe5 14. Bxf6 Bxf6 15. f4 Rh5 16. Nd5 Bh4 17. e4 Qd7 18. Qf3 c6 19. Ne3 Ra5 20. a3 Bf6 21. Rc2 b5 22. f5 Bd4 23. fxg6 fxg6 24. Kh1 Qe7 25. cxb5 Rxb5 1/2-1/2

[Event "Niederbayernliga 0304"]
[Site "Germany"]
[Date "2003.??.??"]
[Round "1"]
[White "Ederer, Elmar"]
[Black "Wagner, Carmen"]
[Result "1/2-1/2"]
[WhiteElo "1400"]
[BlackElo "1686"]
[PlyCount "31"]
[EventDate "2003.??.??"]
[EventType "team"]
[EventRounds "9"]
[EventCountry "GER"]
[SourceTitle "EXT 2008"]
[Source "ChessBase"]
[SourceDate "2007.11.25"]
[SourceVersion "1"]
[SourceVersionDate "2007.11.25"]
[SourceQuality "1"]
[WhiteTeam "Haselbach"]
[BlackTeam "Freyung"]
[WhiteTeamCountry "GER"]
[BlackTeamCountry "GER"]

1. e4 c5 2. Nc3 Nc6 3. f4 g6 4. Nf3 d6 5. Bc4 Bg7 6. d3 Nf6 7. 0-0 0-0 8. Qe1 Na5 9. Bb3 Nxb3 10. axb3 Bd7 11. Qh4 b5 12. e5 dxe5 13. fxe5 Ng4 14. Bf4 h6 15. Qg3 h5 16. Rad1 1/2-1/2